Highest Rated Player by Team in Every NBA 2K - Statistics

General Stats
  • This quiz has been taken 416 times
    169 since last reset
  • The average score is 110 of 241
Answer Stats
Player % Correct
Joel Embiid
96%
Giannis Antetokounmpo
94%
LeBron James
93%
Allen Iverson
92%
Jayson Tatum
91%
Shaquille O'Neal
91%
Kevin Durant
90%
Luka Doncic
90%
Kevin Garnett
89%
Kyrie Irving
89%
Michael Jordan
89%
Chris Paul
88%
DeAndre Jordan
88%
Donovan Mitchell
88%
Dwyane Wade
88%
Jalen Brunson
88%
Kawhi Leonard
88%
Kobe Bryant
88%
James Harden
87%
LaMelo Ball
87%
Stephen Curry
87%
Trae Young
87%
Anthony Davis
86%
Derrick Rose
86%
Dirk Nowitzki
86%
Thaddeus Young
86%
Baron Davis
85%
Jalen Rose
85%
Nikola Jokic
85%
Ray Allen
85%
Ja Morant
84%
Carmelo Anthony
83%
Jarrett Allen
83%
Jimmy Butler
82%
Paul Pierce
82%
Blake Griffin
81%
Damian Lillard
81%
Paul George
80%
Ricky Pierce
80%
Anthony Edwards
79%
Cade Cunningham
79%
Cam Thomas
79%
DeMar DeRozan
79%
Isaiah Thomas
79%
Karl-Anthony Towns
79%
Marc Gasol
79%
Pau Gasol
79%
Russell Westbrook
79%
Shai Gilgeous-Alexander
79%
Tyrese Haliburton
79%
Zion Williamson
79%
Dwight Howard
78%
Steve Nash
78%
Devin Booker
77%
John Wall
77%
Paolo Banchero
77%
Domantas Sabonis
76%
Juwan Howard
76%
Tim Duncan
75%
Karl Malone
74%
Zach LaVine
74%
Victor Wembanyama
73%
Bam Adebayo
72%
Chris Bosh
72%
Jason Kidd
72%
Kevin Love
71%
Lauri Markkanen
71%
Tracy McGrady
71%
Vince Carter
70%
Wendell Carter Jr.
70%
De'Aaron Fox
69%
Michael Carter-Williams
69%
Ben Wallace
68%
Deron Williams
68%
Jerome Williams
68%
Lou Williams
68%
Rudy Gobert
68%
Gerald Wallace
65%
Rasheed Wallace
65%
Antoine Walker
63%
Bradley Beal
63%
Coby White
63%
Harrison Barnes
63%
Jalen Green
63%
Kemba Walker
63%
Patrick Ewing
63%
Scottie Barnes
63%
Hakeem Olajuwon
62%
Joe Johnson
61%
Jaren Jackson Jr.
60%
Keldon Johnson
60%
Jermaine O'Neal
59%
Pascal Siakam
59%
Rajon Rondo
59%
Yao Ming
59%
Nikola Vucevic
58%
Chauncey Billups
57%
John Stockton
57%
DeMarcus Cousins
56%
Reggie Miller
56%
Andre Miller
55%
Mike Conley
55%
Alonzo Mourning
54%
Alperen Sengun
54%
Amare Stoudemire
54%
Brook Lopez
54%
Darius Garland
54%
Dejounte Murray
54%
Gary Payton
54%
Julius Randle
54%
Kyle Lowry
54%
Lamond Murray
54%
Stephen Jackson
54%
Manu Ginobili
53%
Brandon Ingram
51%
Michael Porter Jr.
48%
Zach Randolph
48%
Chris Webber
46%
Josh Smith
46%
Kristaps Porzingis
46%
LaMarcus Aldridge
46%
Al Horford
45%
Gilbert Arenas
45%
Andre Iguodala
44%
D'Angelo Russell
43%
Eddie Robinson
43%
Mitchell Robinson
43%
Nate Robinson
43%
Scottie Pippen
43%
Andrew Wiggins
41%
Dikembe Mutombo
41%
Andre Drummond
39%
CJ McCollum
39%
Jrue Holiday
38%
Mikal Bridges
38%
Nicolas Claxton
38%
Victor Oladipo
38%
Carlos Boozer
37%
Monta Ellis
36%
Gordon Hayward
35%
Brandon Roy
33%
Paul Millsap
33%
Alexandre Sarr
31%
Jeff Teague
31%
Michael Redd
31%
Myles Turner
31%
Fred VanVleet
30%
Kyle Kuzma
30%
Richard Hamilton
30%
Aaron Gordon
29%
Ben Gordon
29%
Eric Gordon
29%
George Hill
29%
Grant Hill
29%
Shawn Marion
29%
Elton Brand
28%
Goran Dragic
28%
Peja Stojakovic
28%
Al Jefferson
27%
Devin Harris
27%
Tobias Harris
27%
Jason Terry
26%
Collin Sexton
25%
Eddie Jones
25%
Danny Granger
23%
David Lee
23%
Luol Deng
23%
Mike Bibby
23%
Ron Artest
22%
Rudy Gay
22%
Andrei Kirilenko
21%
Jerami Grant
21%
Wilson Chandler
21%
RJ Barrett
20%
Steve Francis
20%
Deandre Ayton
19%
Hassan Whiteside
19%
Shareef Abdur-Rahim
18%
Jonas Valanciunas
17%
Antawn Jamison
16%
Emeka Okafor
16%
Eric Bledsoe
16%
Jahlil Okafor
16%
Kenneth Faried
16%
Kenny Anderson
16%
Kevin Martin
16%
Latrell Sprewell
16%
Shawn Kemp
16%
Andrew Bogut
15%
Jason Richardson
15%
Marcus Camby
15%
Stephon Marbury
15%
Danilo Gallinari
14%
Kirk Hinrich
14%
Terry Rozier
14%
Ty Lawson
14%
John Collins
13%
Lamar Odom
13%
Taurean Prince
13%
Tayshaun Prince
13%
Andrew Bynum
12%
Brandon Knight
12%
Jameer Nelson
12%
Michael Finley
12%
Jerry Stackhouse
11%
John Starks
11%
Nerlens Noel
11%
Toni Kukoc
11%
Buddy Hield
10%
Dennis Schroder
10%
T.J. Warren
10%
Tyreke Evans
10%
Christian Wood
9%
Corey Maggette
9%
Greg Monroe
8%
Jamal Mashburn
8%
Antonio McDyess
7%
Doug Christie
6%
Derrick Coleman
5%
Derrick Favors
5%
O.J. Mayo
5%
Charles Oakley
4%
Darrell Armstrong
4%
Devonte' Graham
4%
Jonathan Isaac
4%
Larry Hughes
4%
Marcin Gortat
4%
Michael Beasley
4%
Nikola Pekovic
4%
Arron Afflalo
3%
Leandro Barbosa
3%
Jamaal Magloire
2%
Jonny Flynn
2%
Lorenzen Wright
2%
Rodney Stuckey
2%
Bonzi Wells
1%
Elden Campbell
1%
Nick Van Exel
1%
Rod Strickland
1%
Matt Harpring
0%
Maurice Taylor
0%
No matching quizzes found
Score Distribution
Percent of People with Each Score
Percentile by Number Answered
Your Score History
You have not taken this quiz since the last reset